[Event "Cappelle Online Blitz op 1st"]
[Site "Europe Echecs INT"]
[Date "2021.01.10"]
[Round "3"]
[White "Afraoui, Solenn"]
[Black "Marjenberg, Stanley"]
[Result "1-0"]
[WhiteElo "1889"]
[BlackElo "1500"]
[PlyCount "95"]
[EventDate "2021.01.10"]
[EventType "swiss (blitz)"]
[EventRounds "11"]
[EventCountry "FRA"]
[SourceTitle "CBM 200 Extra"]
[Source "ChessBase"]
[SourceDate "2021.03.31"]
[SourceVersion "1"]
[SourceVersionDate "2021.03.31"]
[SourceQuality "1"]

1. e4 e6 2. d4 d5 3. Nc3 Nf6 4. Bg5 c5 5. exd5 exd5 6. dxc5 Bxc5 7. Bxf6 Qxf6 8. Qe2+ Qe6 9. Nxd5 Bb6 10. Qxe6+ Bxe6 11. Nxb6 axb6 12. a3 Nc6 13. 0-0-0 0-0 14. Nf3 Rfe8 15. Bb5 Bg4 16. Rd3 Bf5 17. Rc3 Rac8 18. Rd1 Be4 19. Nd4 Bxg2 20. Nf5 g6 21. Nd6 Red8 22. Nxc8 Rxc8 23. Rd7 Ne5 24. Rxc8+ Kg7 25. Rdd8 Kf6 26. Rc7 Be4 27. Rf8 Bf5 28. Rxb7 h5 29. Rfb8 Be4 30. Rxb6+ Kg5 31. Rf8 f6 32. Rfxf6 Ng4 33. Rfe6 Bf5 34. Rec6 Nxf2 35. Rc5 Kf4 36. Bd3 Bxd3 37. Rb4+ Be4 38. Rcc4 Kf3 39. Rxe4 Nxe4 40. Rxe4 Kxe4 41. a4 g5 42. a5 Kd5 43. b4 g4 44. Kd2 h4 45. Ke3 Kc6 46. Kf4 Kb5 47. Kxg4 Kxb4 48. a6 1-0

[Event "Cappelle Online Blitz op 1st"]
[Site "Europe Echecs INT"]
[Date "2021.01.10"]
[Round "6"]
[White "Feryn, Benjamin"]
[Black "Afraoui, Solenn"]
[Result "1-0"]
[WhiteElo "2194"]
[BlackElo "1889"]
[PlyCount "51"]
[EventDate "2021.01.10"]
[EventType "swiss (blitz)"]
[EventRounds "11"]
[EventCountry "FRA"]
[SourceTitle "CBM 200 Extra"]
[Source "ChessBase"]
[SourceDate "2021.03.31"]
[SourceVersion "1"]
[SourceVersionDate "2021.03.31"]
[SourceQuality "1"]

1. e4 c5 2. Nf3 d6 3. d4 cxd4 4. Nxd4 Nf6 5. Nc3 a6 6. Bd3 e6 7. 0-0 Be7 8. Kh1 0-0 9. f4 b5 10. e5 dxe5 11. fxe5 Nd5 12. Nxd5 Qxd5 13. Qg4 Qxe5 14. c3 f5 15. Qh3 Bb7 16. Bf4 Qf6 17. Rae1 Bd5 18. Qe3 Qg6 19. Re2 Rf6 20. Bg5 Rf7 21. Bxe7 Rxe7 22. Nxf5 Rf7 23. Ne7+ Kf8 24. Nxg6+ hxg6 25. Rxf7+ Kxf7 26. Qg5 1-0